=LDR 00000nam 2200000 4500 =001 INLIS000000000047449 =005 20151123112457.0 =006 =007 =008 =020 ##$$a 979-692-018-2 =035 ##$$0010-111500000000053 =082 ##$$a 321.402 6-Kus-t =100 ##$$a Mulyana W. Kusumah =245 ##$$a Tegaknya Supremasi hukum =250 ##$$a Cet.2 =260 ##$$a Bandung $b Remaja Rosdakarya $c 2002 =300 ##$$a xx,163 Hlm $c 21 Cm =990 ##$$a 0001/BPAP-NTB/2015